| 000 | 00833 a2200205 4500 | ||
|---|---|---|---|
| 008 | 080821t xxu||||| |||| 00| 0 eng d | ||
| 010 | _aENG-85052 | ||
| 020 |
_a812503014X _c195.00 |
||
| 035 | _aEN-68585 | ||
| 037 | _bD.B.Act / Pub | ||
| 082 | _a613.7 | ||
| 100 | _aPark, Tusna | ||
| 245 |
_aA new way to eat _cby Tusna Park and Komal M. K. _bpreventing and treating obesity, diabetes and cardiovascular |
||
| 260 |
_aNew Delhi _bOrient Longman, _c2006. |
||
| 270 |
_a160, Anna Salai, _bChennai _cTamil Nadu _e600002 _mollmad@md4.vsnl.net.in |
||
| 300 |
_axx, 214 p. _c21 cm. (Pbk) |
||
| 700 | _aKomal, M. K. | ||
| 942 |
_adpl _cEN _k613.7 / PAR _2ddc _h613.7 _mPAR |
||
| 999 |
_c961 _d961 |
||